000 00768cab a2200253 4500
001 WB3218-12
008 090401t1996 xxu||||| |||| 00| 0 eng d
035 _a(Sirsi) u56718
041 _aeng
245 _aPorter to fight
260 _c1996
350 _a0
490 _aFinancial Times
_v10 May 1996, 1,8&22
490 _aGuardian
_v10 May 1996, 4(4)
520 _aDame Shirley Porter is to appeal to the High Court after she and five colleagues at Westminster council were found guilty of `wilful misconduct` by the district auditor.
650 _aCOUNCIL HOUSING
650 _aHOMES FOR VOTES
650 _aPRIVATISATION
650 _aTOWER BLOCKS
650 _aWESTMINSTER CITY COUNCIL
690 _aHOUSING
942 _n0
948 _c04/03/1997
999 _c34617
_d34617